Eurasian Capitals - Statistics

General Stats
  • This quiz has been taken 92 times
    35 since last reset
  • The average score is 68 of 84
Answer Stats
Country Capital % Correct
Netherlands Amsterdam
100%
Greece Athens
100%
Germany Berlin
100%
Belgium Brussels
100%
Romania Bucharest
100%
Hungary Budapest
100%
Finland Helsinki
100%
Ukraine Kyiv
100%
United Kingdom London
100%
Luxembourg Luxembourg
100%
Belarus Minsk
100%
Norway Oslo
100%
France Paris
100%
Czechia Prague
100%
Iceland Reykjavik
100%
Italy Rome
100%
Bulgaria Sofia
100%
Austria Vienna
100%
Poland Warsaw
100%
Switzerland Bern
95%
Denmark Copenhagen
95%
Ireland Dublin
95%
Slovenia Ljubljana
95%
Sweden Stockholm
95%
Liechtenstein Vaduz
95%
Croatia Zagreb
95%
Serbia Belgrade
91%
Israel Jerusalem
91%
Latvia Riga
91%
Bosnia and Herzegovina Sarajevo
91%
Singapore Singapore
91%
Estonia Tallinn
91%
Japan Tokyo
91%
Malta Valletta
91%
United Arab Emirates Abu Dhabi
86%
China Beijing
86%
Slovakia Bratislava
86%
Indonesia Jakarta
86%
Philippines Manila
86%
India New Delhi
86%
South Korea Seoul
86%
Iran Tehran
86%
Albania Tirana
86%
Andorra Andorra La Vella
82%
Thailand Bangkok
82%
Moldova Chișinău
82%
Vietnam Hanoi
82%
Pakistan Islamabad
82%
Cyprus Nicosia
82%
Kosovo Pristina
82%
North Korea Pyongyang
82%
Taiwan Taipei
82%
Mongolia Ulaanbaatar
82%
Lithuania Vilnius
82%
Qatar Doha
77%
Malaysia Kuala Lumpur
77%
Montenegro Podgorica
77%
North Macedonia Skopje
77%
Syria Damascus
73%
Afghanistan Kabul
73%
Kuwait Kuwait City
73%
Cambodia Phnom Penh
73%
Saudi Arabia Riyadh
73%
Kazakhstan Astana
68%
Lebanon Beirut
68%
Bangladesh Dhaka
68%
Laos Vientiane
68%
Armenia Yerevan
68%
Iraq Baghdad
64%
Maldives Malé
64%
Jordan Amman
59%
Kyrgyzstan Bishkek
59%
Nepal Kathmandu
59%
Oman Muscat
59%
Uzbekistan Tashkent
59%
Bahrain Manama
55%
Myanmar(Burma) Naypyidaw
55%
Yemen Sana'a
55%
Bhutan Thimphu
55%
Turkmenistan Ashgabat
50%
Timor-Leste Dili
50%
Brunei Bandar Seri Begawan
45%
Tajikistan Dushanbe
45%
Sri Lanka Kotte
18%
No matching quizzes found
Score Distribution
Percent of People with Each Score
Percentile by Number Answered
Your Score History
You have not taken this quiz since the last reset